00710cam a22002291 4500001001300000003000400013005001700017008004100034010001700075025001900092040001800111043001200129050001800141082001600159110010800175245001200283260002000295300004600315650005200361650005000413999001700463sa 67002023 DLC20260227112327.0740328s1966 ii b 000 0 eng  asa 67002023  aPL480:I-E-7025 aDLCcDLCdDLC aa-ii---00aHT169.I52bM300a330.954/7921 aMaharashtra, India (State)bCommittee Appointed for Regional Plans for Bombay-Panvel and Poona Regions.00aReport. a[Bombay,c1966] a189 p.b6 maps. (fold. in pocket)c31 cm. 0aCity planningzIndiazMumbai Metropolitan Area. 0aCity planningzIndiazPune Metropolitan Area. c72997d72997